<?xml version="1.0" encoding="UTF-8"?>
<record
    xmlns:xsi="http://www.w3.org/2001/XMLSchema-instance"
    xsi:schemaLocation="http://www.loc.gov/MARC21/slim http://www.loc.gov/standards/marcxml/schema/MARC21slim.xsd"
    xmlns="http://www.loc.gov/MARC21/slim">

  <leader>03700cam a22003737a 4500</leader>
  <controlfield tag="001">15775154</controlfield>
  <controlfield tag="003">OSt</controlfield>
  <controlfield tag="005">20150408114046.0</controlfield>
  <controlfield tag="008">120623s2010    nyua   | b    001 0 eng c</controlfield>
  <datafield tag="020" ind1=" " ind2=" ">
    <subfield code="a">9781441910684 (hbk. : alk. paper)</subfield>
  </datafield>
  <datafield tag="020" ind1=" " ind2=" ">
    <subfield code="a">1441910689 (hbk. : alk. paper)</subfield>
  </datafield>
  <datafield tag="020" ind1=" " ind2=" ">
    <subfield code="a">9781441910691 (ebook)</subfield>
  </datafield>
  <datafield tag="020" ind1=" " ind2=" ">
    <subfield code="a">1441910697 (ebook)</subfield>
  </datafield>
  <datafield tag="040" ind1=" " ind2=" ">
    <subfield code="c">MU</subfield>
  </datafield>
  <datafield tag="082" ind1="0" ind2="0">
    <subfield code="a">616.4071 E N P</subfield>
    <subfield code="2">23</subfield>
  </datafield>
  <datafield tag="245" ind1="0" ind2="0">
    <subfield code="a">Endocrine pathology :</subfield>
    <subfield code="b">differential diagnosis and molecular advances /</subfield>
    <subfield code="c">Ricardo V. Lloyd, editor.</subfield>
  </datafield>
  <datafield tag="250" ind1=" " ind2=" ">
    <subfield code="a">2nd ed.</subfield>
  </datafield>
  <datafield tag="260" ind1=" " ind2=" ">
    <subfield code="a">New York :</subfield>
    <subfield code="b">Springer,</subfield>
    <subfield code="c">2010.</subfield>
  </datafield>
  <datafield tag="300" ind1=" " ind2=" ">
    <subfield code="a">xii, 607 p. :</subfield>
    <subfield code="b">ill. (some col.)  ;</subfield>
    <subfield code="c">28 cm.</subfield>
  </datafield>
  <datafield tag="500" ind1=" " ind2=" ">
    <subfield code="a">Previous ed.: New York : Springer, 1990.</subfield>
  </datafield>
  <datafield tag="504" ind1=" " ind2=" ">
    <subfield code="a">Includes bibliographical references and index.</subfield>
  </datafield>
  <datafield tag="505" ind1="0" ind2=" ">
    <subfield code="a">Methods in cellular and molecualr pathology / Paul Komminoth ... [et al.] -- Hypothalamus and neurohypophysis / Kazuhiro Takahashi, Osamu Murakami, and Toraichi Mouri -- Tumors in the adenohypophysis / Fateme Salehi ... [et al.] -- Recent developments in molecular embryogenesis and molecular biology of the pituitary / Robert Y. Osamura and Noboru Egashira -- Recent developments in the molecular biology of pituitary tumors / Ricardo V. Lloyd -- The pineal gland / Katherine M. Lindstrom and M. Beatriz S. Lopes -- The parathyroid / H. Rub&#xE9;n Harach -- Recent developments in the molecular biology of the parathyroid / V&#xE2;nia Nos&#xE9; and Ashraf Khan -- Pathology of thyroid gland / Ashraf Khan and V&#xE2;nia Nos&#xE9; -- Recent developments in the  molecular biology of the thyroid / Yuri E. Nikiforov -- Adrenal cortex / Hironobu Sasano ... [et al.] -- Adrenal medulla and paraganglia / Anne Marie McNicol -- Molecular biology of pheochromocytomas and paragangliomas / Elizabeth E. King and Patricia L.M. Dahia -- Endocrine ovaries / Xavier Matias Guiu -- Endocrine testis / Robert E. Emerson, Liang Cheng, and Thomas M. Ulbright -- Endocrine tumors of the gastrointestinal system / Guido Rindi ... [et al.] -- The endocrine pancreas / Stefano La Rosa ... [et al.] -- Neuroendocrine differentiation patterns in various organs (including lung, breast, skin, and urogenital tract) / Marco Volante ... [et al.] -- Endocrine lung / William D. Travis -- Cutaneous neuroendocrine tumors / Lori A. Erickson -- Neuroendocrine carcinomas of the thymus / Cesar A. Moran and Saul Suster -- Endocrine placenta / Raymond W. Redline -- Fine needle aspiration cytology of endocrine glands / Ema A. Dragoescu and Celeste N. Powers -- Multiple endocrine neoplasia syndrome / Kennichi Kakudo, Yasuhiro Ito, and Masahide Takahashi -- Polyglandular autoimmune diseases / Ricardo V. Lloyd -- Biochemical testing for neuroendocrine tumors / Aaron I. Vinik and Maria P. Silva -- Surgical management of endocrine disorders / Joseph B. Lillegard, Travis J. McKenzie, and Geoffrey B. Thompson -- Medical treatment of neuroendocrine tumors / Timothy J. Hobday -- Radiation treatment of endocrine tumors / Sunil Krishnan, Deepa Suresh, and Robert L. Foote -- Future directions in endocrine pathology / Ricardo V. Lloyd.</subfield>
  </datafield>
  <datafield tag="650" ind1=" " ind2="4">
    <subfield code="a">Endocrine glands</subfield>
    <subfield code="x">Diseases</subfield>
    <subfield code="x">Diagnosis.</subfield>
    <subfield code="9">16128</subfield>
  </datafield>
  <datafield tag="650" ind1=" " ind2="4">
    <subfield code="a">Endocrine System Diseases</subfield>
    <subfield code="x">diagnosis.</subfield>
    <subfield code="9">16129</subfield>
  </datafield>
  <datafield tag="650" ind1=" " ind2="4">
    <subfield code="a">Endocrine System Diseases</subfield>
    <subfield code="x">pathology.</subfield>
    <subfield code="9">16130</subfield>
  </datafield>
  <datafield tag="650" ind1=" " ind2="4">
    <subfield code="a">Diagnosis, Differential.</subfield>
  </datafield>
  <datafield tag="650" ind1=" " ind2="4">
    <subfield code="a">Endocrine Glands</subfield>
    <subfield code="x">pathology.</subfield>
    <subfield code="9">16131</subfield>
  </datafield>
  <datafield tag="650" ind1=" " ind2="4">
    <subfield code="a">Endokrinopathie.</subfield>
    <subfield code="2">swd</subfield>
    <subfield code="9">16132</subfield>
  </datafield>
  <datafield tag="700" ind1="1" ind2=" ">
    <subfield code="a">Lloyd, Ricardo V.</subfield>
    <subfield code="9">16133</subfield>
  </datafield>
  <datafield tag="906" ind1=" " ind2=" ">
    <subfield code="a">7</subfield>
    <subfield code="b">cbc</subfield>
    <subfield code="c">pccadap</subfield>
    <subfield code="d">2</subfield>
    <subfield code="e">ncip</subfield>
    <subfield code="f">20</subfield>
    <subfield code="g">y-gencatlg</subfield>
  </datafield>
  <datafield tag="942" ind1=" " ind2=" ">
    <subfield code="2">ddc</subfield>
    <subfield code="c">DVD</subfield>
  </datafield>
  <datafield tag="999" ind1=" " ind2=" ">
    <subfield code="c">24221</subfield>
    <subfield code="d">258721</subfield>
  </datafield>
  <datafield tag="952" ind1=" " ind2=" ">
    <subfield code="1">0</subfield>
    <subfield code="2">2013-03-10</subfield>
    <subfield code="4">0</subfield>
    <subfield code="7">0</subfield>
    <subfield code="a">616.4071 E N P</subfield>
    <subfield code="c">C.1</subfield>
    <subfield code="d">2012-06-23</subfield>
    <subfield code="h">CL</subfield>
    <subfield code="i">00109761</subfield>
    <subfield code="m">CL</subfield>
    <subfield code="r">2013-03-10 00:00:00</subfield>
    <subfield code="t">BOOK</subfield>
    <subfield code="w">ddc</subfield>
    <subfield code="y">0</subfield>
  </datafield>
  <datafield tag="952" ind1=" " ind2=" ">
    <subfield code="1">0</subfield>
    <subfield code="2">2013-03-10</subfield>
    <subfield code="4">0</subfield>
    <subfield code="7">0</subfield>
    <subfield code="a">616.4071 E N P</subfield>
    <subfield code="c">C.2</subfield>
    <subfield code="d">2012-06-23</subfield>
    <subfield code="h">CL</subfield>
    <subfield code="i">00109762</subfield>
    <subfield code="m">CL</subfield>
    <subfield code="r">2013-03-10 00:00:00</subfield>
    <subfield code="t">BOOK</subfield>
    <subfield code="w">ddc</subfield>
    <subfield code="y">0</subfield>
  </datafield>
  <datafield tag="952" ind1=" " ind2=" ">
    <subfield code="1">0</subfield>
    <subfield code="2">2013-03-10</subfield>
    <subfield code="4">0</subfield>
    <subfield code="7">0</subfield>
    <subfield code="a">616.4071 E N P</subfield>
    <subfield code="c">C.3</subfield>
    <subfield code="d">2012-06-23</subfield>
    <subfield code="h">CL</subfield>
    <subfield code="i">00109763</subfield>
    <subfield code="m">CL</subfield>
    <subfield code="q">2013-02-10</subfield>
    <subfield code="r">2013-03-10 00:00:00</subfield>
    <subfield code="t">BOOK</subfield>
    <subfield code="w">ddc</subfield>
    <subfield code="y">1</subfield>
  </datafield>
</record>
